Statistics for Top 13 Golden State Warriors Players

Click here to take the quiz!

General Stats

  • This quiz has been taken 304 times
    (288 since last reset)
  • The average score is 8 of 13

Answer Stats

PositionAnswer% Correct
PGCurry
100%
SGThompson
95%
PFGreen
90%
SFDurant
83%
CoachKerr
81%
CChamberlain
75%
SFMullin
61%
PGBarry
59%
PGHardaway
46%
PFThurmond
37%
SGRichmond
30%
SGRichardson
22%
CLee
15%

Score Distribution

Percentile by Number Answered

Percent of People with Each Score

Your Score History

You have not taken this quiz since the last reset